00396nam a2200133Ia 4500008004100000020001600041040001800057041001200075082001300087100001700100245007500117260005400192300001600246230917s9999||||xx |||||||||||||| ||und|| cRs. 1405.00 e5000242aMAIN aEnglish a515 S53A aSimon, Barry 0aAdvanced complex analysis: A comprehensive course in analysis, Part 2B aRhode IslandbAmerican Mathematical Societyc2017 axvi, 321 p.